000 00669nam a2200277Ia 4500
005 20260324143947.0
008 008 260324s9999 xx 000 0 eng d
020 _a9780203750063
037 _aEBOOK
040 _aCRL
040 _beng
040 _cCRL
041 _2eng
041 _aeng
084 _qCRL
100 _aR.C. Gunning
_91203849
245 0 _aIntroduction to Holomorphic Functions of Several Variables, Volume I
260 _bTaylor and Francis
260 _c1990
365 _a
365 _b640
856 _uhttp://www.taylorfrancis.com/books/9780203750063
942 _cEBOOK
999 _c1823602
_d1823602